The Sesame Street library : (Record no. 3941)

MARC details
000 -LEADER
fixed length control field 01506cam a2200385 i 4500
001 - CONTROL NUMBER
control field 3941
003 - CONTROL NUMBER IDENTIFIER
control field FISKH
005 - DATE AND TIME OF LATEST TRANSACTION
control field 20240524161722.0
008 - FIXED-LENGTH DATA ELEMENTS--GENERAL INFORMATION
fixed length control field 790702s1978 nyua j 100 1 eng
010 ## - LIBRARY OF CONGRESS CONTROL NUMBER
LC control number 79101209
020 ## - INTERNATIONAL STANDARD BOOK NUMBER
International Standard Book Number 0834300095 (v. 1)
040 ## - CATALOGING SOURCE
Original cataloging agency DLC
Transcribing agency DLC
Modifying agency DLC
Language of cataloging eng
042 ## - AUTHENTICATION CODE
Authentication code lcac
050 00 - LIBRARY OF CONGRESS CALL NUMBER
Classification number PZ5
Item number .S475
082 00 - DEWEY DECIMAL CLASSIFICATION NUMBER
Classification number 377
100 ## - MAIN ENTRY--PERSONAL NAME
Personal name Firth, Michael
245 04 - TITLE STATEMENT
Title The Sesame Street library :
Remainder of title with Jim Henson's Muppets /
Statement of responsibility, etc. [written by Michael Frith, et al. ; illustrated by Mel Crawford, et al. ; photos. by Charles P. Rowan].
260 ## - PUBLICATION, DISTRIBUTION, ETC.
Place of publication, distribution, etc. [New York] :
Name of publisher, distributor, etc. Children's Television Workshop : distributed by Funk & Wagnalls,
Date of publication, distribution, etc. c1978.
300 ## - PHYSICAL DESCRIPTION
Extent 44 unnumbered pages :
Other physical details color illustrations ;
Dimensions 28 cm
500 ## - GENERAL NOTE
General note "Created in cooperation with the Children's Television Workshop, producers of Sesame Street."
505 ## - FORMATTED CONTENTS NOTE
Formatted contents note G<br/>
520 ## - SUMMARY, ETC.
Summary, etc. A multivolume collection of short stories, games, craft projects, and other activities. Each volume introduces several letters of the alphabet and a number from 1 to 12.
521 8# - TARGET AUDIENCE NOTE
Target audience note 400<br/>
Source Lexile estimate<br/>
521 8# - TARGET AUDIENCE NOTE
Target audience note G<br/>
Source Raz-Plus <br/>
650 #0 - SUBJECT ADDED ENTRY--TOPICAL TERM
Topical term or geographic name entry element Children's literature, American.
650 #1 - SUBJECT ADDED ENTRY--TOPICAL TERM
Topical term or geographic name entry element Literature
General subdivision Collections.
650 #1 - SUBJECT ADDED ENTRY--TOPICAL TERM
Topical term or geographic name entry element Alphabet.
650 #1 - SUBJECT ADDED ENTRY--TOPICAL TERM
Topical term or geographic name entry element Counting.
700 1# - ADDED ENTRY--PERSONAL NAME
Personal name Crawford, Mel.
Dates associated with a name Illustrator
700 1# - ADDED ENTRY--PERSONAL NAME
Personal name Rowan, Charles,
Dates associated with a name 1933-
Relator term Photographer
730 ## - ADDED ENTRY--UNIFORM TITLE
Uniform title Sesame Street (Television program)
906 ## - LOCAL DATA ELEMENT F, LDF (RLIN)
a 7
b cbc
c orignew
d 2
e ncip
f 19
g y-gencatlg
942 ## - ADDED ENTRY ELEMENTS (KOHA)
Source of classification or shelving scheme Dewey Decimal Classification
Koha item type Books
Suppress in OPAC No
Holdings
Withdrawn status Lost status Source of classification or shelving scheme Damaged status Not for loan Collection Home library Current library Shelving location Date acquired Total Checkouts Full call number Barcode Date last seen Date last checked out Price effective from Koha item type
    Dewey Decimal Classification     Juvenile Fiction Footprints International School Library Network Toul Kork Campus Footprints International School Library Network Toul Kork Campus TK Primary Library Room(4th Floor), Bookcase 1&2, Shelves 1-16, Dark Blue Books 05/24/2024 2 FIR 377 PZ5.S475 2024-0707 10/09/2024 09/18/2024 05/24/2024 Books